Książęta Cieszyńscy - Statystyki

Ogólne statystyki
  • Ten quiz został rozwiązany 5 razy
  • Średni wynik to 12 z 29
Statystyki odpowiedzi
Hint Odpowiedź % Poprawnych
1315-1358 Kazimierz I
100%
1452-1528 Kazimierz II
100%
1290-1315 Mieszko
100%
1410-1431 Bolesław I
75%
1431-1452 Bolesław II
75%
1895-1918 Fryderyk
75%
1431-1474 Wacław I
75%
1431-1460 Władysław
75%
1625-1653 Elżbieta Lukrecja
50%
1705-1711 Józef I
50%
1765-1766 Józef II
50%
1822-1847 Karol Ludwik
50%
1431-1477 Przemysław II
50%
1358-1410 Przemysław I Noszak
50%
1518-1524 Wacław II
50%
1528-1579 Wacław III Adam
50%
1579-1617 Adam Wacław
25%
1766-1822 Albert Sasko-Cieszyński
25%
1617-1625 Fryderyk Wilhelm
25%
1711-1722 Karol VI
25%
1657-1705 Leopold I
25%
1766-1798 Maria Krystyna
25%
1847-1895 Albrecht
0%
1431-1447 Eufemia Mazowiecka
0%
1654-1657 Ferdynand III
0%
1653-1654 Ferdynand IV
0%
1729-1765 Franciszek I Lotaryński
0%
1560-1571 Fryderyk Kazimierz
0%
1722-1729 Leopold Józef
0%
Nie znaleziono quizów pasujących do podanych kryteriów
Rozkład punktacji
Procent ludzi z każdym wynikiem
Percentyl według liczby udzielonych odpowiedzi
Twoja historia wyników
Nie rozwiązałeś tego quizu